Albums-Songs (Sabrina Carpenter) pt.1 - Statistics

General Stats
  • This quiz has been taken 15 times
  • The average score is 16 of 24
Answer Stats
Hint Answer % Correct
Album Title EVOlution
90%
3 Thumbs
90%
Album Title Eyes Wide Open
80%
1 Eyes Wide Open
80%
3 The Middle of Starting Over
80%
2 Feels Like Loneliness
70%
6 Mirage
70%
1 On Purpose
70%
5 Run and Hide
70%
8 Seamless
70%
8 Shadows
70%
7 Too Young
70%
5 Two Young Hearts
70%
4 We''ll Be The Stars
70%
11 White Flag
70%
6 Your Love's Like
70%
10 All We Have Is Love
60%
12 Best Thing I got
60%
10 Darling I'm a Mess
60%
7 Don't Want It Back
60%
9 Right Now
60%
9 Space
60%
4 No Words
50%
2 Can't Blame Girl for trying
30%
No matching quizzes found
Score Distribution
Percent of People with Each Score
Percentile by Number Answered
Your Score History
You have not taken this quiz